000 00466nam a2200157 i 4500
001 115641
003 ES-MaACL
007 t|
008 030202s1908 xxk ||||1| baq d
130 0 _aBiblia.
_pN.T.
_lVasco.
_9119312
245 1 0 _aIesus Christ
_b: gure iaunaren testamentu berria.
260 _aLondon :
_bThe Trinitarian Bible Society,
_c1908.
300 _a917 p. ;
_c12 cm.
710 2 _aThe Trinitarian Bible Society.
_96960
852 _aES-MaACL
_jG-13410
999 _c115641
_d115641